000 01447nac a22005290a 4500
001 PT55296
003 AR-LpoUNG
005 20210201005541.0
008 201001s2013||||ag |||||||||||||||||spa d
020 _a9789876282178
_c$28
040 _aAR-LpoUNG
_bspa
_eaacr
041 _aspa
044 _aag
082 0 _a982.12 154v3
100 1 _aTernavasio, Marcela
_edir.
245 1 0 _aDe la organización provincial a la federalización de Buenos Aires :
_b1821-1880
250 _a1ra ed.
260 _aBuenos Aires :
_bUNIPE : Edhasa,
_c2013.
300 _a409 p. :
_btbls, gráfs., mapas
_a(6
_fVolúmenes)
_3Impreso
490 0 _aHistoria de la Provincia de Buenos Aires
650 4 _aANALISIS HISTORICO
650 4 _aARGENTINA
650 4 _aASPECTOS ECONOMICOS
650 4 _aASPECTOS SOCIALES
650 4 _aCOMERCIO
650 4 _aCONTROL SOCIAL
650 4 _aDESCENTRALIZACION
650 4 _aESTADO
650 4 _aFACTORES CULTURALES
650 4 _aFEDERALISMO
650 4 _aFUERZAS ARMADAS
650 4 _aGUERRA
650 4 _aHACIENDA PUBLICA
650 4 _aHISTORIA
650 4 _aHISTORIA POLITICA
650 4 _aIGLESIA CATOLICA
650 4 _aOPINION PUBLICA
650 4 _aPOBLACION
650 4 _aPOBLACION INDIGENA
650 4 _aPOLITICA NACIONAL
650 4 _aSOCIEDAD
650 4 _aTRANSPORTE
651 4 _aArgentina
653 _aPROVINCIA DE BUENOS AIRES
905 _a55296
942 _cLIB
999 _c50149
_d50149